000 01295nam a2200301 i 4500
001 000033208
003 DO-SdBNP
005 20240528151958.0
007 ta
008 110822s1985 dr ac 000 0dspa d
040 _aDO-SdBNP
_bspa
_cBNPHU
_erda
082 4 _a929.37293
_bC744p
_222
100 1 _aConcepción, J. Agustín,
_922539
_eautor
245 1 0 _aProyeccion curazoleña en Santo Domingo /
_cJ. Agustín concepción.
264 1 _aSanto Domingo :
_bNivar,
_c1985.
300 _a127 páginas :
_bilustraciones, retratos ;
_c22 cm.
336 _2rdacontent
_atexto
_btxt
337 _2rdamedia
_asin mediación
_bn
338 _2rdacarrier
_avolumen
_bnc
504 _aBibliografía : p.125-126.
505 0 _aPresentación --
_tReconocimiento--
_tAltruismo ejemplar--
_tDeudas impagables--
_tAntillana y europea--
_tAportación curazoleña a la superacion dominicana --
_tDesfile de notables dominicanos de ascendencia curazoleña --
_tFamilias curazoleñas --
_tPresencia doninicana en Curazao.
_tApéndice/
_rÁngela Peña.
590 _aInventariado, 2023/ YL
650 4 _aParentesco
_92156
651 4 _aCurazao (Antillas Neerlandesas{Rpara}
_xGenealogía
_958845
651 4 _aRepública Dominicana
_xGenealogía
_92157
910 _aValidado. Control de calidad EMS
942 _2ddc
_cLBS1
999 _c32699
_d32699